000 00774nam a22001937a 4500
003 OSt
005 20230118110217.0
008 221021b |||||||| |||| 00| 0 eng d
040 _cBiblioteca LadoV
082 _a708
_bV434a
100 _9553
_aVelasquez, Jose Antonio
_eautor
245 _aAntología de las Artes Plásticas de Honduras/
260 _aHonduras
_bEmbajada de España
_bMinisterio de Cultura
_bEscuela Nacional de Bellas Artes
_bFundación para el Museo del Hombre Hondureño
_c1993
300 _a108p.
_c21.5 x26cm
650 _2Tesauro de Arte & Arquitectura
_aCATALOGO
650 _2Tesauro de Arte & Arquitectura
_aARTE HONDUREÑO
650 _2Tesauro de Arte & Arquitectura
_aARTE LATINOAMERICO
942 _2ddc
_c1
_h708
_iV434a
_n0
999 _c2810
_d2810